000 00780cab a22002175a 4500
001 L152450
008 110309e20110219xxk 000 0 eng d
035 _a(Sirsi) u152450
041 0 _aeng
100 1 _aQuinn, David
245 0 0 _aFocus
_bLeisure
260 _c2011
490 _aEstates Gazette
_v(1107) 19 February 2011, 65-77(10)
520 _aIncludes reports on shopping centres turning to a variety of event organisers to help them attract custom; the problems caused by the latest VAT increase with pub operators and the Fair Pint's Campaign for a better deal for pub leaseholders.
590 _aKA
651 4 _aUnited Kingdom
690 _aPROPERTY-COMMERCIAL PROPERTY-LEISURE PROPERTY
700 1 _aHarris, David
700 1 _aMaxwell, Estelle
942 _n0
999 _c82967
_d82967